000 01270njm a22002897a 4500
005 20100908100941.0
007 sd ammalaaahaa
008 100908t xxu||||| |||| 00| 0 hin d
028 _aN. 54539
_bHis Master's Voice
035 _aGR-01259
040 _aSED/VEN
100 _aMohd. Rafi
_91184
245 _aDoor ki awaz :
_bhindustani /
_cby Mohd. Rafi, Asha Bhosle, Manna Dey & Chorus ; music by Ravi ; lyric by Shakeel Badayuni
_h[sound recording] :
246 _aदूर की आवाज़ (मोहद.रफ़ी आशा भोसले मन्ना डे और चोरुस)
260 _aDum Dum, India
_bHis Master's Voice
_c1964
300 _a1 sound record [Greamophone records] :
_banalog, 33. 1/3 rpm
_c10 in.
500 _aBrief record.
505 _aHappy birthday to you (Mohd. Rafi, Asha Bhosle, Manna Dey & Chorus) हैप्पी बर्थडे टु यू भाग १ ,२ ,
_u
_r
650 _aClassical Music
_xExcerpts
_zIndia
_918799
700 _aBhosle, Asha
_918800
700 _a Ravi
_918819
700 _aBadayuni, Shakeel
_918820
700 _aManna Dey
_918853
700 _aChorus
_918854
942 _2ddc
_cGR
999 _c44397
_d44397